000 00787nam a2200253Ia 4500
003 OSt
005 20220927105404.0
006 a|||||r|||| 00| 0
007 ta
008 220926b |||||||| |||| 00| 0 eng d
020 _a9789211128161
024 _a191329
037 _cReference Collections
040 _aRTL
_cRTL
_beng
041 _2eng
_aeng
082 _a"X65.751.P, UN"
110 _aUNITED NATIONS CONFERENCE ON TRADE AND DEVELOPMENT
245 0 _aInvestment policy review
_b Guatemala
260 _aNew
_bYork United Nations
_c2011
300 _a"xi, 136p Bibliography: P 123-25"
_ccm.
700 _aUNITED NATIONS CONFERENCE ON TRADE AND DEVELOPMENT
942 _h"X65.751.P, UN"
_cCC
999 _c692283
_d692283